000 00784cam a2200241 i 4500
999 _c114485
_d114485
001 17924342
005 20191106093801.0
008 131031s2015 enk b 101 0 eng
020 _a9780195395532 (pbk. : alk. paper)
020 _a9780195394825 (hardcover : alk. paper)
040 _cPK-LaUMT
082 0 0 _a322.10954
_223
_bPLU-
245 0 0 _aPluralism and democracy in India :
_bdebating the Hindu right /
_cEdited by Wendy Doniger and Martha C. Nussbaum
260 _aOxford :
_bOxford University Press,
_c2015
300 _axiii, 384 p. ;
_c25 cm
650 0 _aHinduism and politics
650 0 _aDemocracy
_xReligious aspects
_xHinduism
650 0 _aHindutva
650 0 _aPluralism
700 1 _aDoniger, Wendy,
700 1 _aNussbaum, Martha Craven,
942 _cBK